[Event "Nordhausen op 9th"]
[Site "Nordhausen"]
[Date "2009.07.30"]
[Round "1"]
[White "Huellenhagen, Andreas"]
[Black "Haselhorst, Helmut"]
[Result "1/2-1/2"]
[WhiteElo "1711"]
[BlackElo "2178"]
[PlyCount "81"]
[EventDate "2009.07.30"]
[EventType "swiss"]
[EventRounds "7"]
[EventCountry "GER"]
[SourceTitle "CBM 131 Extra"]
[Source "ChessBase"]
[SourceDate "2009.09.03"]
[SourceVersion "2"]
[SourceVersionDate "2009.09.16"]
[SourceQuality "1"]

1. d4 Nf6 2. Nf3 g6 3. Nbd2 Bg7 4. e4 d6 5. Bd3 0-0 6. 0-0 Nh5 7. Nb3 e5 8. dxe5 dxe5 9. c3 Nd7 10. Bc2 Qe7 11. Bg5 f6 12. Be3 Rd8 13. Qe2 Nf8 14. Rad1 Rxd1 15. Rxd1 Ne6 16. g3 b6 17. Bc1 Bb7 18. a4 a5 19. Qc4 Kh8 20. Be3 f5 21. Nbd2 f4 22. gxf4 Nhxf4 23. Bxf4 Nxf4 24. b4 axb4 25. cxb4 g5 26. Ne1 g4 27. Nd3 Nxd3 28. Qxd3 Qxb4 29. Qc4 Qe7 30. Nf1 Rd8 31. Qe2 Bc8 32. Ne3 Rxd1+ 33. Qxd1 Qd7 34. Qe2 Bh6 35. Nf5 Qd2 36. Qb5 Bxf5 37. Qxe5+ Kg8 38. Bb3+ Kf8 39. Qxf5+ Ke7 40. Qe6+ Kd8 41. Qg8+ 1/2-1/2